[Event "FIDE World Bl Team Pool B"]
[Site "London ENG"]
[Date "2025.06.14"]
[Round "12.5"]
[White "Dishman, Matthew"]
[Black "Ciocan, Maria-Alexandra"]
[Result "1-0"]
[WhiteElo "1978"]
[BlackElo "1998"]
[WhiteTeam "Sassy Seniors"]
[BlackTeam "Hammersmith Chess Club"]
[WhiteFideId "438642"]
[BlackFideId "1227130"]
[EventDate "2025.06.14"]
[EventType "team"]

1. e4 e6 2. d4 d5 3. Nd2 Nf6 4. e5 Nfd7 5. Bd3 c5 6. c3 Nc6 7. Ngf3 f6 8. exf6
Nxf6 9. O-O cxd4 10. cxd4 Bd6 11. Re1 O-O 12. Nb3 a5 13. Bg5 a4 14. Nc5 Bxc5 15.
dxc5 Qa5 16. Rc1 h6 17. Bd2 Qc7 18. Bc3 Qf7 19. Qc2 Qh5 20. h3 Ne7 21. Ne5 Qh4
22. Nf3 Qf4 23. Be5 Qb4 24. a3 Qa5 25. Bd6 Re8 26. Ne5 Nc6 27. Nxc6 bxc6 28. Re3
Ba6 29. Bg6 Red8 30. Rxe6 d4 31. Rxf6 gxf6 32. Qf5 Ra7 33. Qxf6 d3 34. Be5 Rh7
35. Bxh7+ Kxh7 36. Qg7# 1-0

[Event "FIDE World Bl Team Pool B"]
[Site "London ENG"]
[Date "2025.06.14"]
[Round "12.6"]
[White "Aryaman Ganguly"]
[Black "Regan, Natasha K"]
[Result "1-0"]
[BlackTitle "WIM"]
[WhiteElo "1826"]
[BlackElo "2064"]
[WhiteTeam "Hammersmith Chess Club"]
[BlackTeam "Sassy Seniors"]
[WhiteFideId "25981226"]
[BlackFideId "403067"]
[EventDate "2025.06.14"]
[EventType "team"]

1. e4 Nf6 2. e5 Nd5 3. d4 d6 4. c4 Nb6 5. exd6 exd6 6. Nc3 Be7 7. Nf3 O-O 8. Be2
Bf5 9. O-O Nc6 10. b3 d5 11. c5 Nc8 12. Bb2 b6 13. cxb6 axb6 14. h3 Bf6 15. Bd3
Bxd3 16. Qxd3 Nb4 17. Qd2 c5 18. dxc5 bxc5 19. a3 d4 20. Ne4 Na6 21. Nxf6+ Qxf6
22. b4 cxb4 23. Bxd4 Qd6 24. axb4 Rd8 25. Qb2 f6 26. b5 Nc7 27. b6 Rxa1 28. Rxa1
Ne6 29. Be3 Ne7 30. b7 Nc6 31. Qb6 Rb8 32. Rc1 Ned8 33. Nd4 Rxb7 34. Qa6 Rc7 35.
Nb5 Nb8 36. Qxd6 Rxc1+ 37. Bxc1 1-0

[Event "FIDE World Bl Team Pool B"]
[Site "London ENG"]
[Date "2025.06.14"]
[Round "12.1"]
[White "O'Gorman, Tom"]
[Black "Martinez Alcantara, Jose Eduardo"]
[Result "0-1"]
[WhiteTitle "IM"]
[BlackTitle "GM"]
[WhiteElo "2379"]
[BlackElo "2611"]
[WhiteTeam "Oxbridge"]
[BlackTeam "Theme International Trading"]
[WhiteFideId "2508249"]
[BlackFideId "3805662"]
[EventDate "2025.06.14"]
[EventType "team"]

1. e4 c5 2. Nf3 d6 3. Bb5+ Nd7 4. O-O a6 5. Bd3 Ngf6 6. c3 b5 7. a4 Bb7 8. axb5
axb5 9. Rxa8 Qxa8 10. Bxb5 Bxe4 11. d4 Bc6 12. Bxc6 Qxc6 13. Re1 e6 14. c4 cxd4
15. Nxd4 Qxc4 16. Na3 Qc8 17. Nab5 Qb7 18. Qb3 Nc5 19. Qc2 Be7 20. b4 O-O 21.
Nxd6 Qxb4 22. Rd1 Bxd6 23. Nc6 Qe4 24. Qxe4 Ncxe4 0-1

[Event "FIDE World Bl Team Pool B"]
[Site "London ENG"]
[Date "2025.06.14"]
[Round "12.2"]
[White "Jumabayev, Rinat"]
[Black "Sivakumar, Ashvin"]
[Result "1-0"]
[WhiteTitle "GM"]
[BlackTitle "FM"]
[WhiteElo "2546"]
[BlackElo "2175"]
[WhiteTeam "Theme International Trading"]
[BlackTeam "Oxbridge"]
[WhiteFideId "13702661"]
[BlackFideId "5804655"]
[EventDate "2025.06.14"]
[EventType "team"]

1. e4 e5 2. Nf3 Nc6 3. Bc4 Nf6 4. d3 Bc5 5. c3 d6 6. O-O h6 7. a4 a5 8. Re1 O-O
9. Nbd2 Be6 10. h3 Qe7 11. Bb5 Na7 12. Bc4 Nc6 13. b3 Rad8 14. Bb2 Ba7 15. Bb5
Nb8 16. d4 exd4 17. cxd4 d5 18. e5 Nh5 19. Ba3 c5 20. Rc1 b6 21. Nf1 Bd7 22. Ne3
Nf4 23. Kh2 Bxb5 24. axb5 Qd7 25. Nh4 Qxb5 26. Qg4 Ne6 27. Nhf5 Kh8 28. Rc3 cxd4
29. Nxd4 Nxd4 30. Qxd4 Nc6 31. Qd3 Qxd3 32. Rxd3 Nxe5 33. Rxd5 Nd3 34. Rxd3 Rxd3
35. Bxf8 1-0

[Event "FIDE World Bl Team Pool B"]
[Site "London ENG"]
[Date "2025.06.14"]
[Round "12.3"]
[White "Goh, Jinghan Cameron"]
[Black "Le, Tuan Minh"]
[Result "0-1"]
[BlackTitle "GM"]
[WhiteElo "2178"]
[BlackElo "2598"]
[WhiteTeam "Oxbridge"]
[BlackTeam "Theme International Trading"]
[WhiteFideId "5804540"]
[BlackFideId "12401153"]
[EventDate "2025.06.14"]
[EventType "team"]

1. d4 d5 2. c4 e6 3. Nf3 h6 4. g3 Nf6 5. Bg2 Bd6 6. O-O O-O 7. b3 b6 8. Nc3 Bb7
9. Bb2 Nbd7 10. Rc1 a6 11. Nd2 Bb4 12. a3 Bxc3 13. Bxc3 Rc8 14. b4 Qe7 15. c5
bxc5 16. bxc5 Bc6 17. Re1 Rfd8 18. Qc2 Rb8 19. Ba5 Nf8 20. Qc3 Ng6 21. e4 dxe4
22. Nxe4 Nxe4 23. Bxe4 Bxe4 24. Rxe4 Rd5 25. h4 c6 26. Bb6 Qd7 27. Qc4 Ne7 28.
Qxa6 Nf5 29. Qa7 Qxa7 30. Bxa7 Ra8 31. Bb6 Rxa3 32. Rc4 Rd3 33. Ra4 Nxd4 34.
Ra8+ Kh7 35. Rc8 f5 0-1

[Event "FIDE World Bl Team Pool B"]
[Site "London ENG"]
[Date "2025.06.14"]
[Round "12.4"]
[White "Tin, Jingyao"]
[Black "Ratnesan, Ranesh"]
[Result "1-0"]
[WhiteTitle "GM"]
[BlackTitle "CM"]
[WhiteElo "2583"]
[BlackElo "2138"]
[WhiteTeam "Theme International Trading"]
[BlackTeam "Oxbridge"]
[WhiteFideId "5804418"]
[BlackFideId "439339"]
[EventDate "2025.06.14"]
[EventType "team"]

1. d4 d5 2. c4 e6 3. Nc3 Nf6 4. cxd5 exd5 5. Bg5 c6 6. e3 Be7 7. Bd3 Nbd7 8. h3
h6 9. Bf4 Nf8 10. Nf3 Ne6 11. Bh2 g6 12. Qc2 Ng7 13. g4 Be6 14. O-O-O Bd6 15.
Bxd6 Qxd6 16. Kb1 O-O-O 17. Nb5 Qb8 18. Ne5 Nfe8 19. Rc1 Nc7 20. Nxc6 bxc6 21.
Qxc6 Ne8 22. Nxc7 Qxc7 23. Qa6+ Kb8 24. Rxc7 Nxc7 25. Qa5 Rd6 26. Rc1 Na8 27. a4
h5 28. Qc5 Rc8 29. Qxd6+ 1-0

[Event "FIDE World Bl Team Pool B"]
[Site "London ENG"]
[Date "2025.06.14"]
[Round "12.5"]
[White "Hng, Mei-Xian Eunice"]
[Black "Gong, Qianyun"]
[Result "0-1"]
[WhiteTitle "WFM"]
[BlackTitle "WGM"]
[WhiteElo "2066"]
[BlackElo "2228"]
[WhiteTeam "Oxbridge"]
[BlackTeam "Theme International Trading"]
[WhiteFideId "5806585"]
[BlackFideId "8602425"]
[EventDate "2025.06.14"]
[EventType "team"]

1. Nf3 Nf6 2. c4 e6 3. Nc3 d5 4. d4 c6 5. Bg5 Be7 6. e3 h6 7. Bh4 Qa5 8. Bd3
dxc4 9. Bxc4 b5 10. Bd3 b4 11. Ne2 Ba6 12. O-O O-O 13. e4 Re8 14. e5 Nd5 15.
Bxe7 Rxe7 16. Bxa6 Qxa6 17. Qd2 Nd7 18. Ng3 c5 19. Ne4 cxd4 20. Qxd4 Qb6 21. Qd2
Nf8 22. Rac1 Ng6 23. Rc2 Rd8 24. Rfc1 Nc3 25. Qe1 Nxa2 26. Ra1 b3 27. Rd2 Red7
28. Rad1 Rxd2 29. Rxd2 Rxd2 30. Qxd2 Nb4 31. Nd6 Nd5 32. Nc4 Qc5 33. Qe2 a5 34.
g3 a4 35. h4 Nge7 36. Na3 Nf5 37. Qc4 Qa7 38. Qc8+ Kh7 39. g4 Nd4 40. Qc4 Nxf3+
41. Kg2 Nxe5 42. Qe4+ Ng6 43. h5 Nf4+ 44. Kf1 Qc5 45. hxg6+ 0-1

[Event "FIDE World Bl Team Pool B"]
[Site "London ENG"]
[Date "2025.06.14"]
[Round "12.6"]
[White "Zhang, Changjie"]
[Black "Nayberg, Simona"]
[Result "1-0"]
[WhiteElo "1808"]
[BlackElo "1819"]
[WhiteTeam "Theme International Trading"]
[BlackTeam "Oxbridge"]
[WhiteFideId "5801877"]
[BlackFideId "2075180"]
[EventDate "2025.06.14"]
[EventType "team"]

1. e4 Nf6 2. Nc3 d5 3. exd5 Nxd5 4. d4 Nxc3 5. bxc3 g6 6. Nf3 Bg7 7. Bc4 c5 8.
O-O O-O 9. h3 Nc6 10. Be3 Qa5 11. Qd2 Bf5 12. Rab1 cxd4 13. cxd4 Qxd2 14. Bxd2
Nxd4 15. Nxd4 Bxd4 16. Rxb7 e6 17. Rc1 Rfd8 18. Bg5 Rdc8 19. Bb3 a5 20. Rd1 Be5
21. a4 Rab8 22. Ra7 Ra8 23. Rb7 Be4 24. Rbd7 h5 25. Bh6 Bg7 26. Bxg7 Kxg7 27.
Bxe6 Rxc2 28. Rxf7+ Kh6 29. Re1 Re8 30. Rxe4 Rc1+ 31. Kh2 Rc6 32. Bd5 Rxe4 33.
Bxe4 Rc4 34. Re7 1-0

[Event "FIDE World Bl Team Pool B"]
[Site "London ENG"]
[Date "2025.06.14"]
[Round "12.1"]
[White "Madan, Augustin"]
[Black "Rodshtein, Maxim"]
[Result "0-1"]
[WhiteTitle "IM"]
[BlackTitle "GM"]
[WhiteElo "2259"]
[BlackElo "2645"]
[WhiteTeam "Desert Penguins"]
[BlackTeam "Rishon LeZion Chess Club"]
[WhiteFideId "1210327"]
[BlackFideId "2806851"]
[EventDate "2025.06.14"]
[EventType "team"]

1. Nf3 d5 2. d4 Nf6 3. c4 c6 4. e3 Bf5 5. Nc3 e6 6. Nh4 Be4 7. f3 Bg6 8. Nxg6
hxg6 9. Qb3 Qc7 10. f4 Nbd7 11. Bd2 Be7 12. O-O-O dxc4 13. Bxc4 b5 14. Bd3 a6
15. Ne4 c5 16. Nxc5 Bxc5 17. dxc5 Nxc5 18. Bxb5+ axb5 19. Qxb5+ Ncd7+ 20. Kb1
O-O 21. Rc1 Qa7 22. a3 Rfb8 23. Qd3 Nc5 0-1

[Event "FIDE World Bl Team Pool B"]
[Site "London ENG"]
[Date "2025.06.14"]
[Round "12.2"]
[White "Steinberg, Nitzan"]
[Black "Bansal, Rohan"]
[Result "1-0"]
[WhiteTitle "GM"]
[WhiteElo "2554"]
[BlackElo "2005"]
[WhiteTeam "Rishon LeZion Chess Club"]
[BlackTeam "Desert Penguins"]
[WhiteFideId "2801795"]
[BlackFideId "425052"]
[EventDate "2025.06.14"]
[EventType "team"]

1. e4 e6 2. d4 d5 3. Nd2 h6 4. a3 Nf6 5. e5 Nfd7 6. Bd3 c5 7. c3 Nc6 8. Ne2 Qb6
9. Nf3 g5 10. h3 Be7 11. b4 cxd4 12. cxd4 a6 13. Be3 Nf8 14. Ng3 Bd7 15. Nh5 Kd8
16. O-O Rg8 17. Nh2 Kc8 18. Ng4 Kb8 19. Nxh6 Rh8 20. Nxf7 Rg8 21. Nf6 Bxf6 22.
exf6 Nxd4 23. Ne5 Rh8 24. Qg4 Rh4 25. Qxg5 1-0

[Event "FIDE World Bl Team Pool B"]
[Site "London ENG"]
[Date "2025.06.14"]
[Round "12.3"]
[White "Bharat Kumar, Balahari"]
[Black "Sokolovsky, Yahli"]
[Result "0-1"]
[BlackTitle "GM"]
[WhiteElo "2052"]
[BlackElo "2542"]
[WhiteTeam "Desert Penguins"]
[BlackTeam "Rishon LeZion Chess Club"]
[WhiteFideId "496464"]
[BlackFideId "2820242"]
[EventDate "2025.06.14"]
[EventType "team"]

1. d4 Nf6 2. c4 g6 3. Nc3 Bg7 4. e4 d6 5. Be2 O-O 6. h4 c5 7. d5 e6 8. h5 exd5
9. exd5 Re8 10. h6 Bh8 11. Bg5 Qa5 12. Bd2 Qb6 13. b3 Bf5 14. Kf1 Nbd7 15. Nh3
Ne5 16. Nf4 Ne4 17. Nxe4 Bxe4 18. f3 Bf5 19. g4 Bd7 20. Kg2 Re7 21. Re1 Rae8 22.
Qc2 Qd8 23. Bc3 Bf6 24. Rad1 Bg5 25. Nh3 Bxh6 26. f4 Nxg4 27. Bxg4 Bxg4 28. Bf6
Rxe1 29. Bxd8 R1e2+ 30. Qxe2 Rxe2+ 31. Kg3 f5 32. Rf1 Re3+ 33. Kg2 0-1

[Event "FIDE World Bl Team Pool B"]
[Site "London ENG"]
[Date "2025.06.14"]
[Round "12.4"]
[White "Bronstein, Or"]
[Black "Bansal, Saahil"]
[Result "1-0"]
[WhiteTitle "IM"]
[WhiteElo "2443"]
[BlackElo "1979"]
[WhiteTeam "Rishon LeZion Chess Club"]
[BlackTeam "Desert Penguins"]
[WhiteFideId "2815770"]
[BlackFideId "438316"]
[EventDate "2025.06.14"]
[EventType "team"]

1. d4 d5 2. c4 e6 3. Nf3 Nf6 4. g3 c6 5. Bg2 Nbd7 6. Qc2 Bd6 7. Nc3 O-O 8. Bg5
h6 9. Bxf6 Nxf6 10. O-O Re8 11. Rad1 Qc7 12. e4 dxe4 13. Nxe4 Nxe4 14. Qxe4 e5
15. c5 f5 16. Qc2 Be7 17. Nxe5 Bf6 18. Nc4 Be6 19. Nd6 Rf8 20. Rfe1 Bd7 21. Nxf5
Bxf5 22. Qxf5 Qa5 23. Be4 Rfe8 24. Qh7+ Kf8 25. Re3 Qxa2 26. d5 Rxe4 27. Rxe4
Rd8 28. d6 Qxb2 29. Rde1 Qc3 30. Re6 Qxc5 31. Rxf6+ gxf6 32. Qe7+ Kg8 33. Qxd8+
Kg7 34. Qe7+ Kg6 35. Qe8+ Kg7 36. Re7# 1-0

[Event "FIDE World Bl Team Pool B"]
[Site "London ENG"]
[Date "2025.06.14"]
[Round "12.5"]
[White "Sedykh, Stakhey"]
[Black "Efroimski, Marsel"]
[Result "0-1"]
[BlackTitle "IM"]
[WhiteElo "1756"]
[BlackElo "2372"]
[WhiteTeam "Desert Penguins"]
[BlackTeam "Rishon LeZion Chess Club"]
[WhiteFideId "453064"]
[BlackFideId "2810964"]
[EventDate "2025.06.14"]
[EventType "team"]

1. e4 c5 2. Nc3 Nc6 3. g3 g6 4. Bg2 Bg7 5. d3 d6 6. f4 e6 7. Nf3 Nge7 8. O-O O-O
9. h3 Rb8 10. g4 f5 11. Ne2 e5 12. c3 fxg4 13. hxg4 Bxg4 14. Nh2 Bxe2 15. Qxe2
exf4 16. Bxf4 Ne5 17. Ng4 h5 18. Nxe5 dxe5 19. Bg5 Qd6 20. Rxf8+ Rxf8 21. Rf1
Rxf1+ 22. Qxf1 Nc6 23. Qe2 Bf6 24. Qe3 Bxg5 25. Qxg5 Kg7 26. Qe3 b6 27. a3 Nd8
28. Bh3 Ne6 29. Bxe6 Qxe6 30. Qg5 Qg4+ 31. Qxg4 hxg4 32. Kg2 Kf6 33. Kg3 Kg5 34.
Kg2 Kf4 0-1

[Event "FIDE World Bl Team Pool B"]
[Site "London ENG"]
[Date "2025.06.14"]
[Round "12.6"]
[White "Raiko, Yossi"]
[Black "Ding, Yihua"]
[Result "1-0"]
[WhiteElo "1963"]
[BlackElo "1536"]
[WhiteTeam "Rishon LeZion Chess Club"]
[BlackTeam "Desert Penguins"]
[WhiteFideId "2835711"]
[BlackFideId "495999"]
[EventDate "2025.06.14"]
[EventType "team"]

1. d4 Nf6 2. c4 e6 3. Nf3 Be7 4. Nc3 O-O 5. e4 d6 6. Bd3 Nbd7 7. O-O c5 8. d5
exd5 9. exd5 b6 10. Re1 Re8 11. h3 h6 12. Bf4 a6 13. a4 Bb7 14. Qd2 Nh5 15. Bh2
Nhf6 16. Bf4 Nh5 17. Bh2 Nhf6 18. Re2 Bf8 19. Rae1 Rxe2 20. Rxe2 Qc7 21. Nh4 g6
22. Bc2 Ne5 23. b3 Bg7 24. f4 Ned7 25. f5 Re8 26. fxg6 fxg6 27. Nxg6 Rxe2 28.
Qxe2 Ne5 29. Nxe5 dxe5 30. Ne4 Nxe4 31. Qxe4 Qf7 32. Bxe5 Bxe5 33. Qxe5 Qg7 34.
Qxg7+ Kxg7 35. Kf2 Kf6 36. Ke3 Ke5 37. Bd3 Bc8 38. h4 Bd7 39. Bc2 Be8 40. g4 Bd7
41. g5 hxg5 42. hxg5 Bf5 43. Bxf5 Kxf5 44. g6 Kxg6 45. Kf4 Kf6 46. Ke4 Ke7 47.
Ke5 Kd7 48. d6 Kd8 49. Ke6 Ke8 50. d7+ Kd8 51. Kd6 b5 52. cxb5 axb5 53. axb5 c4
54. b6 cxb3 55. b7 1-0

[Event "FIDE World Bl Team Pool B"]
[Site "London ENG"]
[Date "2025.06.14"]
[Round "12.1"]
[White "Aronian, Levon"]
[Black "Adams, Michael"]
[Result "1/2-1/2"]
[WhiteTitle "GM"]
[BlackTitle "GM"]
[WhiteElo "2742"]
[BlackElo "2659"]
[WhiteTeam "Hexamind Chess Team"]
[BlackTeam "Malcolm's Mates"]
[WhiteFideId "13300474"]
[BlackFideId "400041"]
[EventDate "2025.06.14"]
[EventType "team"]

1. e4 e5 2. Nf3 Nc6 3. Bb5 a6 4. Ba4 Nf6 5. O-O Be7 6. Bxc6 dxc6 7. Re1 Bg4 8.
h3 Bxf3 9. Qxf3 O-O 10. d3 Nd7 11. Qg4 Kh8 12. Nd2 Bg5 13. g3 Qe7 14. h4 Bh6 15.
Nf3 Bxc1 16. Raxc1 c5 17. c3 Rad8 18. d4 cxd4 19. cxd4 c6 20. dxe5 Nxe5 21. Nxe5
Qxe5 22. Re2 h5 23. Qg5 Rfe8 24. Kg2 g6 25. f4 Qxg5 26. hxg5 Kg7 27. Rc3 Rd4 28.
Kf3 Re7 29. e5 Kf8 30. Rce3 Re6 31. Rb3 Re7 32. Rbe3 Re6 33. Rb3 Re7 1/2-1/2

[Event "FIDE World Bl Team Pool B"]
[Site "London ENG"]
[Date "2025.06.14"]
[Round "12.2"]
[White "Vitiugov, Nikita"]
[Black "Murzin, Volodar"]
[Result "1/2-1/2"]
[WhiteTitle "GM"]
[BlackTitle "GM"]
[WhiteElo "2671"]
[BlackElo "2666"]
[WhiteTeam "Malcolm's Mates"]
[BlackTeam "Hexamind Chess Team"]
[WhiteFideId "4152956"]
[BlackFideId "44155573"]
[EventDate "2025.06.14"]
[EventType "team"]

1. e4 e5 2. Nf3 Nc6 3. Bb5 Nf6 4. d3 Ne7 5. O-O c6 6. Bc4 Ng6 7. Re1 Be7 8. Bb3
O-O 9. h3 d6 10. c3 Nh5 11. d4 Nf6 12. Nbd2 h6 13. Nf1 Nh7 14. Ng3 Ng5 15. Nxg5
Bxg5 16. Be3 Bxe3 17. Rxe3 Qg5 18. Qh5 Nf4 19. Qxg5 hxg5 20. Rd1 g6 21. Ne2 Kg7
22. dxe5 dxe5 23. Nxf4 gxf4 24. Red3 Kf6 25. a4 1/2-1/2

[Event "FIDE World Bl Team Pool B"]
[Site "London ENG"]
[Date "2025.06.14"]
[Round "12.3"]
[White "Giri, Anish"]
[Black "Saric, Ivan"]
[Result "1-0"]
[WhiteTitle "GM"]
[BlackTitle "GM"]
[WhiteElo "2748"]
[BlackElo "2661"]
[WhiteTeam "Hexamind Chess Team"]
[BlackTeam "Malcolm's Mates"]
[WhiteFideId "24116068"]
[BlackFideId "14508150"]
[EventDate "2025.06.14"]
[EventType "team"]

1. e4 c5 2. Nf3 Nc6 3. Bb5 g6 4. O-O Bg7 5. Re1 e5 6. Bxc6 dxc6 7. a4 Qe7 8. a5
Nf6 9. d3 O-O 10. Nbd2 Ne8 11. Nc4 Nc7 12. Bd2 Bg4 13. h3 Bxf3 14. Qxf3 Ne6 15.
Qd1 Qc7 16. b4 b5 17. axb6 axb6 18. bxc5 b5 19. Ne3 Rfd8 20. Bb4 Bf8 21. Qd2
Bxc5 22. Ba5 Bb6 23. Bxb6 Qxb6 24. Ng4 Rxa1 25. Rxa1 h5 26. Ne3 Nd4 27. Qd1 Qc5
28. Qd2 Kg7 29. Kh1 Rb8 30. Ra6 Rd8 31. Nf5+ Nxf5 32. exf5 Rd6 33. fxg6 Rxg6 34.
Qe2 Qd5 35. f3 Re6 36. Ra1 Qd4 37. Re1 c5 38. Qd2 Qf4 39. Qf2 c4 40. dxc4 bxc4
41. Re4 Qc1+ 42. Kh2 c3 43. Qg3+ Kh7 44. Rh4 Qxc2 45. Rxh5+ Rh6 46. Rxe5 Qd2 47.
Re7 Qd5 48. Qf4 Kg7 49. Re5 Qd6 50. Rg5+ Kh7 51. Qxd6 Rxd6 52. Rc5 Rd3 53. Kg3
Kg6 54. Kf4 Rd2 55. g4 c2 56. h4 f6 57. Rc7 Rh2 58. h5+ Kh6 59. Kf5 Rf2 60. f4 1-0

[Event "FIDE World Bl Team Pool B"]
[Site "London ENG"]
[Date "2025.06.14"]
[Round "12.4"]
[White "McShane, Luke J"]
[Black "Dominguez Perez, Leinier"]
[Result "0-1"]
[WhiteTitle "GM"]
[BlackTitle "GM"]
[WhiteElo "2615"]
[BlackElo "2738"]
[WhiteTeam "Malcolm's Mates"]
[BlackTeam "Hexamind Chess Team"]
[WhiteFideId "404853"]
[BlackFideId "3503240"]
[EventDate "2025.06.14"]
[EventType "team"]

1. e4 c5 2. Nf3 d6 3. d4 cxd4 4. Nxd4 Nf6 5. Nc3 a6 6. Be2 e5 7. Nb3 Be7 8. Bg5
Be6 9. Bxf6 Bxf6 10. Qd3 O-O 11. O-O-O Be7 12. Nd5 Bxd5 13. Qxd5 Qc7 14. Kb1 Nd7
15. Nd2 Nf6 16. Qd3 Rfd8 17. Bf3 Rac8 18. Nf1 d5 19. exd5 Nxd5 20. Bxd5 Rxd5 21.
Qe2 Rxd1+ 22. Qxd1 Bc5 23. Qe2 Qb6 24. Ne3 Bd4 25. c3 Rxc3 26. Nd5 Qg6+ 27. Ka1
Qxg2 28. Rd1 Qxd5 29. bxc3 Bxc3+ 30. Kb1 Bd4 31. f3 g6 32. Qd3 Qc6 33. Rc1 Qb6+
34. Qb3 Qa5 35. Qxb7 Qd2 36. Qb3 Kg7 37. Rc7 Qf4 38. Qd5 h5 39. h3 Qf5+ 40. Kc1
Qg5+ 41. Kc2 Qf5+ 42. Kb3 h4 43. Ka4 Qf4 44. Ka5 Bf2 45. Kxa6 e4 46. Rc4 Qf6+
47. Rc6 Qxf3 48. Qe5+ Kh7 49. Rc8 Qd3+ 50. Kb7 Qb1+ 51. Kc6 Qc2+ 52. Kd7 Qa4+
53. Ke7 Qa7+ 54. Ke8 Bd4 55. Qxe4 Bf6 56. Qd5 Qe7# 0-1

[Event "FIDE World Bl Team Pool B"]
[Site "London ENG"]
[Date "2025.06.14"]
[Round "12.5"]
[White "Divya, Deshmukh"]
[Black "Bulmaga, Irina"]
[Result "1/2-1/2"]
[WhiteTitle "IM"]
[BlackTitle "IM"]
[WhiteElo "2463"]
[BlackElo "2393"]
[WhiteTeam "Hexamind Chess Team"]
[BlackTeam "Malcolm's Mates"]
[WhiteFideId "35006916"]
[BlackFideId "13903063"]
[EventDate "2025.06.14"]
[EventType "team"]

1. e4 e5 2. Nf3 Nc6 3. d4 exd4 4. Nxd4 Nf6 5. Nxc6 bxc6 6. Nd2 d5 7. exd5 cxd5
8. Bb5+ Bd7 9. Bxd7+ Qxd7 10. O-O Be7 11. b3 O-O 12. Bb2 Ng4 13. Nf3 c5 14. Re1
Bf6 15. Bxf6 Nxf6 16. Qd3 Rfe8 17. a4 Qd6 18. h3 g6 19. Rad1 Rad8 20. Qb5 Kg7
21. a5 a6 22. Qd3 h6 23. Nd2 Qc6 24. Nf1 Qb5 25. Rxe8 Rxe8 26. Qd2 Re2 27. Qc3
d4 28. Qd3 Qxd3 29. cxd3 Ra2 30. Nd2 Rxa5 31. Rc1 Rb5 32. Ra1 a5 33. Kf1 Nd5 34.
Ne4 f5 35. Nd6 Rxb3 36. Rxa5 Rxd3 37. Rxc5 Nc3 38. g3 Ne4 39. Rc7+ Kg8 40. Nxe4
fxe4 41. Re7 e3 42. fxe3 dxe3 43. Ke2 Rd2+ 44. Kxe3 Rh2 45. h4 h5 46. Kf4 Rg2
47. Ra7 Rg1 48. Rb7 Rg2 49. Ra7 Rg1 50. Kf3 Kf8 51. Kf4 Kg8 52. Ra3 Kg7 53. Kg5
Rg2 54. Ra7+ Kf8 55. Ra3 Kg7 56. Ra7+ Kf8 57. Kf6 Kg8 58. Rg7+ Kh8 59. Rxg6 Kh7
60. Rg5 Kh6 61. Rg8 Rf2+ 62. Ke5 Kh7 63. Rg5 Kh6 64. Ke4 Re2+ 65. Kf3 Ra2 66.
Rb5 Ra3+ 67. Kf4 Ra4+ 68. Kf5 Rg4 69. Rb3 Kh7 70. Rf3 Kh6 71. Ke5 Kg6 72. Rf6+
Kh7 73. Rf3 Kg6 74. Ra3 Kg7 75. Kf5 Kh7 76. Kf6 Rg6+ 77. Kf7 Rg7+ 78. Ke6 Rg6+
79. Ke5 Rg4 80. Kf5 Kh6 81. Kf6 Rg6+ 82. Kf7 Rg4 83. Ra8 Kh7 84. Ra3 Rg7+ 85.
Kf8 Rg8+ 86. Ke7 Rg7+ 87. Ke6 Rg6+ 88. Ke5 Rg4 89. Re3 Kg6 90. Rf3 Kg7 91. Ke6
Rg6+ 92. Ke7 Rg4 93. Rf7+ Kg6 94. Rf8 Kg7 95. Rf3 Kh7 96. Kf7 Rg7+ 97. Kf6 Rg6+
98. Ke5 Rg4 99. Rf5 Rxg3 100. Rxh5+ Kg6 101. Rh8 Re3+ 102. Kf4 Ra3 103. h5+ Kg7
104. Re8 Ra4+ 105. Kg5 Ra5+ 106. Kg4 Ra4+ 107. Kg5 1/2-1/2

[Event "FIDE World Bl Team Pool B"]
[Site "London ENG"]
[Date "2025.06.14"]
[Round "13.1"]
[White "Harvey, Marcus R"]
[Black "Sevian, Samuel"]
[Result "0-1"]
[WhiteTitle "IM"]
[BlackTitle "GM"]
[WhiteElo "2445"]
[BlackElo "2687"]
[WhiteTeam "Wood Green"]
[BlackTeam "Freedom"]
[WhiteFideId "400092"]
[BlackFideId "2040506"]
[EventDate "2025.06.14"]
[EventType "team"]

1. Nf3 Nf6 2. b3 d6 3. d4 b6 4. g3 Bb7 5. Bg2 g6 6. O-O Bg7 7. Bb2 O-O 8. c4 Ne4
9. Ng5 d5 10. Nxe4 dxe4 11. Qc2 f5 12. d5 Bxb2 13. Qxb2 c6 14. Nc3 cxd5 15. Nxd5
e6 16. Nf4 Qe7 17. Qe5 Re8 18. Rad1 Nc6 19. Qd6 Rad8 20. Qxe7 Rxe7 21. Rxd8+
Nxd8 22. Rd1 Nc6 23. Rd6 Kf7 24. f3 e3 25. Nd3 e5 26. f4 e4 27. Ne1 Nb4 28. a3
Na2 29. Kf1 Nc1 30. b4 Nb3 31. Kg1 Nd2 32. c5 bxc5 33. bxc5 Nc4 34. Rd4 Nxa3 35.
Ra4 Nb5 36. Nc2 Rc7 37. Nxe3 Rxc5 38. Ra5 a6 39. Kf2 h5 40. h3 Ke6 41. g4 h4 42.
gxf5+ gxf5 43. Ra1 Nc3 44. Bf1 a5 45. Ng2 a4 46. Nxh4 Ra5 47. Ng6 a3 48. e3 Bd5
49. Ne5 a2 50. Bc4 Bxc4 51. Nxc4 Rb5 52. Nd2 Rb2 53. Ke1 Kf7 54. Rc1 Nb1 55.
Rc7+ Ke8 56. Ra7 Nxd2 0-1